000 00583nam a2200181Ia 4500
008 100920s9999 xx 000 0 und d
082 _b53037
_a28 व 51 थ 74
100 _aशिखरे दामोदर नरहर.
245 _aसंत-कवि.
260 _bजयन्त आणि कंपनी, पुणे 30.
_c1974
300 _a104
_bसाधी
365 _b3
520 _aबा. वि चरित्र.
630 _aसंत-कवि.
650 _aबा. वि चरित्र.
730 _aसंत-कवि.
942 _cBOOK
999 _c698234
_d698231